[Event "DEM U12 2016"]
[Site "Willingen GER"]
[Date "2016.05.18"]
[Round "6"]
[White "Ewerhardy, Moritz"]
[Black "Jeschke, Jan"]
[Result "1/2-1/2"]
[Termination "normal"]
[Board "29"]
[WhiteElo "1382"]
[BlackElo "1167"]
[PlyCount "45"]
[WhiteFideId "36052086"]
[BlackFideId "16225430"]
[EventCountry "GER"]
[EventRounds "11"]
[EventType "swiss"]
[EventDate "2016.05.14"]

1. d4 d5 2. c4 e6 3. Nc3 Nf6 4. Nf3 Be7 5. Bf4 Nbd7 6. e3 c5 7. cxd5 exd5 8.
Bd3 c4 9. Bc2 Nb6 10. O-O Be6 11. Rc1 O-O 12. Bb1 Nh5 13. Qc2 g6 14. Bh6 Re8
15. Qd1 Bf8 16. Bxf8 Kxf8 17. Ne2 Qd6 18. Ng3 Nf6 19. Ne5 Nbd7 20. Nxd7+ Bxd7
21. Re1 Bc6 22. Qf3 Qe6 23. Rcd1 1/2-1/2

[Event "DEM U12 2016"]
[Site "Willingen GER"]
[Date "2016.05.18"]
[Round "6"]
[White "Zwecker, Hagen"]
[Black "Krause, Marc"]
[Result "1/2-1/2"]
[Termination "normal"]
[Board "30"]
[WhiteElo "1325"]
[BlackElo "1535"]
[PlyCount "117"]
[WhiteFideId "12991007"]
[BlackFideId "12985724"]
[EventCountry "GER"]
[EventRounds "11"]
[EventType "swiss"]
[EventDate "2016.05.14"]

1. e4 c5 2. Nf3 d6 3. Bb5+ Bd7 4. Bxd7+ Qxd7 5. c4 Nc6 6. Nc3 Nf6 7. O-O g6 8.
d3 Bg7 9. Bd2 O-O 10. Re1 a6 11. Qc1 Nb4 12. Qb1 Nc6 13. Qc1 Qc7 14. Bg5 e6 15.
Bh6 Rad8 16. Qf4 Nh5 17. Qd2 Nf6 18. Qf4 Rc8 19. Bg5 Nd7 20. Qd2 Nde5 21. Re3
Ng4 22. Ree1 Nd4 23. Nxd4 Bxd4 24. Be3 Bxe3 25. fxe3 d5 26. g3 dxc4 27. dxc4
Rfd8 28. Qe2 Ne5 29. Red1 Rxd1+ 30. Rxd1 Rd8 31. Rxd8+ Qxd8 32. Na4 Qd3 33.
Qxd3 Nxd3 34. b3 b5 35. cxb5 axb5 36. Nc3 Nc1 37. Kf2 b4 38. Na4 c4 39. bxc4
Nxa2 40. Ke2 Kf8 41. Kd2 b3 42. Nb2 Ke7 43. Kd3 Kd6 44. Kd4 e5+ 45. Kd3 Kc5 46.
h4 Kb4 47. Kd2 Ka3 48. Nd3 b2 49. Kc2 Nb4+ 50. Nxb4 Kxb4 51. Kxb2 Kxc4 52. Kc2
h5 53. Kd2 f6 54. Kc2 f5 55. exf5 gxf5 56. Kd2 Kd5 57. Kd3 e4+ 58. Kc3 Kc5 59.
Kb3 1/2-1/2

[Event "DEM U12 2016"]
[Site "Willingen GER"]
[Date "2016.05.18"]
[Round "7"]
[White "Post, Hugo"]
[Black "Köllner, Ruben Gideon"]
[Result "1/2-1/2"]
[Termination "normal"]
[Board "1"]
[WhiteElo "1869"]
[BlackElo "2087"]
[WhiteClock "00:13:27"]
[BlackClock "00:15:46"]
[PlyCount "77"]
[WhiteFideId "12962490"]
[BlackFideId "12993093"]
[EventCountry "GER"]
[EventRounds "11"]
[EventType "swiss"]
[EventDate "2016.05.14"]

1. e4 d6 2. d4 Nf6 3. Nc3 e5 4. Nf3 exd4 5. Nxd4 Be7 6. Bf4 O-O 7. Be2 a6 8.
O-O Nbd7 9. Bg5 Nxe4 10. Bxe7 Qxe7 11. Nf5 Qe5 12. Nd5 Ndf6 13. Nfe7+ Kh8 14.
Nxc7 Rb8 15. Ned5 Nxd5 16. Nxd5 Be6 17. Ne3 Qxb2 18. Bf3 Ng5 19. Rb1 Nxf3+ 20.
Qxf3 Qf6 21. Qxf6 gxf6 22. c4 Rfc8 23. Rb4 a5 24. Rb5 Bxc4 25. Nxc4 Rxc4 26.
Rxa5 Kg7 27. g3 b5 28. Rd1 Rb6 29. Rb1 b4 30. Kf1 Kg6 31. Ke2 Rc2+ 32. Ke3 f5
33. h4 Kf6 34. Ra7 Ke6 35. Ra5 f6 36. Ra4 d5 37. Raxb4 Rbc6 38. Rb6 Ke5 39.
Rxc6 1/2-1/2

[Event "DEM U12 2016"]
[Site "Willingen GER"]
[Date "2016.05.18"]
[Round "7"]
[White "Kölle, Tobias"]
[Black "Wu, Leon"]
[Result "0-1"]
[Termination "normal"]
[Board "2"]
[WhiteElo "1714"]
[BlackElo "1743"]
[WhiteClock "00:28:49"]
[BlackClock "00:15:14"]
[PlyCount "150"]
[WhiteFideId "16207378"]
[BlackFideId "12977438"]
[EventCountry "GER"]
[EventRounds "11"]
[EventType "swiss"]
[EventDate "2016.05.14"]

1. d4 Nf6 2. c4 e6 3. Nc3 Bb4 4. f3 d5 5. a3 Bxc3+ 6. bxc3 c5 7. cxd5 Nxd5 8.
dxc5 Qa5 9. e4 Nf6 10. Be3 O-O 11. Qb3 Nfd7 12. Bc4 Qc7 13. Ne2 Nxc5 14. Qa2
Nbd7 15. O-O b6 16. Nd4 Bb7 17. Rfd1 a6 18. Rac1 Rfe8 19. Qd2 Rad8 20. Bg5 Rc8
21. Ne2 Bxe4 22. fxe4 Nxe4 23. Qxd7 Qxc4 24. Be3 Qxe2 25. Bxb6 Qb2 26. Bd8
Rcxd8 27. Qxd8 Qf2+ 28. Kh1 Qf1+ 29. Rxf1 Rxd8 30. Kg1 f5 31. c4 Rc8 32. c5 Kf7
33. Rfd1 Rc6 34. Kf1 Kf6 35. Ke2 g5 36. Rd4 Ke5 37. Rdc4 Kd5 38. R4c2 h5 39.
Rd1+ Ke5 40. Rb1 Rxc5 41. Rxc5+ Nxc5 42. Rb8 Kd4 43. h4 gxh4 44. Rh8 Ne4 45.
Kf3 Ng5+ 46. Kf4 h3 47. gxh3 Nxh3+ 48. Kg3 Ng5 49. Ra8 Ne4+ 50. Kh4 Nc5 51.
Kxh5 e5 52. Kg5 Ke4 53. Rc8 Ne6+ 54. Kf6 Nd4 55. Rc5 Nf3 56. Ra5 f4 57. Rxa6
Ke3 58. Kf5 e4 59. Rb6 Nd4+ 60. Ke5 f3 61. a4 f2 62. Rb1 Nc6+ 63. Kd5 Na5 64.
Rh1 Kf3 65. Kd4 e3 66. Kd3 e2 67. Rh3+ Kg2 68. Rh2+ Kxh2 69. Kxe2 Kg2 70. Kd3
f1=Q+ 71. Kc3 Qc4+ 72. Kb2 Qb3+ 73. Kc1 Qa2 74. Kd1 Kf3 75. Kc1 Ke3 0-1

[Event "DEM U12 2016"]
[Site "Willingen GER"]
[Date "2016.05.18"]
[Round "7"]
[White "Englert, Jon"]
[Black "Trifan, Andrei Ioan"]
[Result "0-1"]
[Termination "normal"]
[Board "3"]
[WhiteElo "1663"]
[BlackElo "2099"]
[WhiteClock "00:01:07"]
[BlackClock "00:02:22"]
[PlyCount "84"]
[WhiteFideId "12992275"]
[BlackFideId "12967068"]
[EventCountry "GER"]
[EventRounds "11"]
[EventType "swiss"]
[EventDate "2016.05.14"]

1. g3 e5 2. Bg2 Bc5 3. d3 d6 4. Nf3 Nc6 5. a3 a6 6. b4 Ba7 7. O-O f5 8. Bb2 Nf6
9. Nbd2 O-O 10. c4 Qe8 11. e3 f4 12. exf4 exf4 13. d4 fxg3 14. hxg3 Bg4 15. Qb3
Qh5 16. c5+ Kh8 17. Qe3 h6 18. Nh2 Rae8 19. Qc3 Be2 20. Rfe1 Nxd4 21. Qxd4 dxc5
22. Qh4 cxb4 23. Bf3 Qc5 24. Ne4 Rxe4 25. Bxe4 Qxf2+ 26. Kh1 bxa3 27. Bxf6 Rxf6
28. Ng4 Bf3+ 29. Bxf3 Qxf3+ 30. Kh2 Rd6 31. Re8+ Kh7 32. Ra2 Bg1+ 33. Kh3 Rg6
34. Rg2 Qf7 35. Qd8 Rxg4 36. Kxg4 h5+ 37. Kg5 Qg6+ 38. Kf4 Qh6+ 39. Qg5 Qd6+
40. Qe5 g5+ 41. Kxg5 Qg6+ 42. Kf4 Qg4# 0-1

[Event "DEM U12 2016"]
[Site "Willingen GER"]
[Date "2016.05.18"]
[Round "7"]
[White "Astner, Sebastian"]
[Black "Nguyen, Alex Dac-Vuong"]
[Result "0-1"]
[Termination "normal"]
[Board "4"]
[WhiteElo "1712"]
[BlackElo "1899"]
[WhiteClock "00:27:29"]
[BlackClock "00:50:11"]
[PlyCount "48"]
[WhiteFideId "12979422"]
[BlackFideId "12984388"]
[EventCountry "GER"]
[EventRounds "11"]
[EventType "swiss"]
[EventDate "2016.05.14"]

1. e4 e6 2. d4 d5 3. exd5 exd5 4. Bd3 c5 5. dxc5 Bxc5 6. Nf3 Nc6 7. c3 Nge7 8.
O-O O-O 9. Bf4 Ng6 10. Qc1 Bg4 11. Be2 Re8 12. Re1 Bxf3 13. gxf3 Nce5 14. Bg3
h5 15. Nd2 h4 16. Bxe5 Qg5+ 17. Kh1 Rxe5 18. Bd3 Nf4 19. Rg1 Qf6 20. Qf1 Rae8
21. Nb3 Nxd3 22. Qxd3 Bxf2 23. Rgf1 Re2 24. Nd2 Rxd2 0-1

[Event "DEM U12 2016"]
[Site "Willingen GER"]
[Date "2016.05.18"]
[Round "7"]
[White "Dobrikov, Marco"]
[Black "Yi, Danny"]
[Result "1-0"]
[Termination "normal"]
[Board "5"]
[WhiteElo "1943"]
[BlackElo "1863"]
[WhiteClock "00:26:26"]
[BlackClock "00:01:17"]
[PlyCount "79"]
[WhiteFideId "12950378"]
[BlackFideId "12988588"]
[EventCountry "GER"]
[EventRounds "11"]
[EventType "swiss"]
[EventDate "2016.05.14"]

1. e4 e5 2. Nf3 Nc6 3. Bc4 Bc5 4. c3 Nf6 5. d3 d6 6. Bb3 h6 7. Nbd2 O-O 8. O-O
Re8 9. Re1 Be6 10. Nf1 d5 11. exd5 Bxd5 12. Be3 Bxe3 13. Nxe3 Bxf3 14. Qxf3
Qxd3 15. Rad1 Qg6 16. Nd5 Nxd5 17. Bxd5 Rad8 18. Be4 Qe6 19. Bd5 Qg6 20. Be4
Qe6 21. b3 Rxd1 22. Rxd1 Rd8 23. Rxd8+ Nxd8 24. Bxb7 Qd6 25. Bd5 Kf8 26. h3 Ke7
27. Bc4 Qf6 28. Qe3 a6 29. Qa7 Qd6 30. Bxa6 Ne6 31. Bc4 Nf4 32. a4 Qc6 33. Bf1
Qxc3 34. a5 Qc1 35. Qa6 Qc3 36. Qb5 Ne6 37. a6 Qd4 38. Qb8 e4 39. a7 e3 40.
a8=Q 1-0

[Event "DEM U12 2016"]
[Site "Willingen GER"]
[Date "2016.05.18"]
[Round "7"]
[White "Musiolik, David"]
[Black "Bethke, Richard"]
[Result "0-1"]
[Termination "normal"]
[Board "6"]
[WhiteElo "1643"]
[BlackElo "1844"]
[WhiteClock "00:11:24"]
[BlackClock "00:43:16"]
[PlyCount "106"]
[WhiteFideId "12972355"]
[BlackFideId "12959243"]
[EventCountry "GER"]
[EventRounds "11"]
[EventType "swiss"]
[EventDate "2016.05.14"]

1. e4 e5 2. Nf3 Nc6 3. Nc3 Nf6 4. d4 exd4 5. Nxd4 Bb4 6. Nxc6 bxc6 7. Bd3 d5 8.
exd5 cxd5 9. O-O O-O 10. h3 c6 11. Qf3 Bd6 12. Bf4 Qc7 13. Ne2 Re8 14. Bxd6
Qxd6 15. Qf4 Qxf4 16. Nxf4 c5 17. b3 Rb8 18. Rfe1 Bd7 19. c3 Bc6 20. Rad1 Rbd8
21. Rxe8+ Rxe8 22. f3 Nd7 23. Kf2 a5 24. Bc2 Nb6 25. c4 d4 26. Nd3 Nd7 27. Re1
Kf8 28. Nb2 Rd8 29. Bf5 Nf6 30. Nd3 g6 31. Be4 Bxe4 32. fxe4 Nd7 33. e5 Ke7 34.
Nf4 Nb6 35. e6 f6 36. Nd3 Rc8 37. Kf3 Rc6 38. Kg4 Na8 39. h4 Nc7 40. Nf4 Nxe6
41. Nd5+ Kf7 42. Kh3 h5 43. Kg3 Ra6 44. Rd1 Ng7 45. Kf3 Nf5 46. g3 Re6 47. Rd3
Nh6 48. Nf4 Re5 49. Rd2 Re3+ 50. Kg2 Nf5 51. Rd3 g5 52. hxg5 fxg5 53. Ng6 Kxg6
0-1

[Event "DEM U12 2016"]
[Site "Willingen GER"]
[Date "2016.05.18"]
[Round "7"]
[White "Weihrauch, Jakob"]
[Black "Wu, Luka"]
[Result "0-1"]
[Termination "normal"]
[Board "7"]
[WhiteElo "1856"]
[BlackElo "1777"]
[WhiteClock "00:08:32"]
[BlackClock "00:21:01"]
[PlyCount "92"]
[WhiteFideId "16210115"]
[BlackFideId "12977420"]
[EventCountry "GER"]
[EventRounds "11"]
[EventType "swiss"]
[EventDate "2016.05.14"]

1. e4 c5 2. Nf3 d6 3. d4 cxd4 4. Nxd4 Nf6 5. Nc3 g6 6. Be3 Bg7 7. f3 a6 8. Qd2
h5 9. Be2 Bd7 10. O-O Nc6 11. Rfe1 O-O 12. Nxc6 Bxc6 13. Rad1 Qc7 14. Bh6 Qb6+
15. Be3 Qxb2 16. Rb1 Qa3 17. Bb6 Ba4 18. Kh1 Rac8 19. Ba5 Nd7 20. Nd5 Rxc2 21.
Nxe7+ Kh7 22. Qd5 Bc6 23. Bb4 Qxb4 24. Rxb4 Bxd5 25. Nxd5 Rfc8 26. g3 Nf6 27.
Ne3 Rxa2 28. Rxb7 Rc3 29. Nf1 a5 30. Rxf7 a4 31. Ra7 a3 32. Kg1 Kh6 33. Kf2
Nxe4+ 34. Kg2 Ng5 35. Kh1 Rcc2 36. f4 Nh3 37. Bf3 Nf2+ 38. Kg1 Bd4 39. Ra4 Nd3+
40. Rxd4 Nxe1 41. Be4 Re2 42. f5 gxf5 43. Rxd6+ Kg7 44. Bd5 Rab2 45. Ra6 a2 46.
Bc4 Nf3+ 0-1

[Event "DEM U12 2016"]
[Site "Willingen GER"]
[Date "2016.05.18"]
[Round "7"]
[White "Evering, Sören"]
[Black "Tham, Minh"]
[Result "1-0"]
[Termination "normal"]
[Board "9"]
[WhiteElo "1844"]
[BlackElo "1737"]
[WhiteClock "00:03:20"]
[BlackClock "00:27:25"]
[PlyCount "105"]
[WhiteFideId "12974650"]
[BlackFideId "12997323"]
[EventCountry "GER"]
[EventRounds "11"]
[EventType "swiss"]
[EventDate "2016.05.14"]

1. e4 e5 2. Nf3 Nc6 3. Bb5 a6 4. Ba4 Nf6 5. d4 b5 6. Bb3 Qe7 7. O-O h6 8. Re1
d6 9. h3 Na5 10. Nbd2 Nxb3 11. axb3 g6 12. Nf1 Bg7 13. Ng3 O-O 14. Be3 Bb7 15.
d5 Qd7 16. Qd2 Kh7 17. c4 bxc4 18. bxc4 c5 19. b4 cxb4 20. Qxb4 Rfb8 21. Qa5
Qe8 22. Reb1 Qc8 23. c5 dxc5 24. Bxc5 Ne8 25. Rc1 Qd7 26. Rab1 Bc8 27. Bb6 Bb7
28. Bc7 Nxc7 29. Rxc7 Qd8 30. Qc5 Bc8 31. Rxb8 Rxb8 32. Rxf7 Kg8 33. Qa7 Rb1+
34. Kh2 Bh8 35. Re7 Rb2 36. d6 Bf6 37. d7 Bxe7 38. dxc8=Q Qxc8 39. Qxe7 Qf8 40.
Qe6+ Qf7 41. Qxa6 Rxf2 42. Nxe5 Qg7 43. Nxg6 Kh7 44. Nf5 Qc7+ 45. Kg1 Rc2 46.
e5 Rc6 47. Nf8+ Kg8 48. Qxc6 Qa7+ 49. Kh2 Kxf8 50. Qxh6+ Kg8 51. Qg6+ Kh8 52.
Qe8+ Kh7 53. Qe7+ 1-0

[Event "DEM U12 2016"]
[Site "Willingen GER"]
[Date "2016.05.18"]
[Round "7"]
[White "Haufe, Laurin"]
[Black "Hoffmann, Simon"]
[Result "0-1"]
[Termination "normal"]
[Board "10"]
[WhiteElo "1575"]
[BlackElo "1710"]
[PlyCount "104"]
[WhiteFideId "12976504"]
[BlackFideId "12979686"]
[EventCountry "GER"]
[EventRounds "11"]
[EventType "swiss"]
[EventDate "2016.05.14"]

1. e4 e5 2. Nf3 Nc6 3. d4 exd4 4. Nxd4 Qh4 5. Nc3 Bb4 6. Nxc6 Bxc3+ 7. bxc3
Qxe4+ 8. Be3 Qxc6 9. Qe2 Qe6 10. g3 Ne7 11. Bg2 O-O 12. O-O Nf5 13. Bh3 Qe5 14.
Bxf5 Qxf5 15. Qd3 Qxd3 16. cxd3 b6 17. Rfe1 Bb7 18. Bf4 d6 19. Re7 Rac8 20.
Bxd6 cxd6 21. Rxb7 Rxc3 22. Rxa7 Rxd3 23. Rb7 Rd8 24. Rxb6 Ra3 25. Rb3 Rxb3 26.
axb3 Kf8 27. Re1 Rb8 28. Re3 Rb5 29. Kf1 f5 30. Ke2 Kf7 31. Kd2 Kf6 32. Kc3 d5
33. Re2 g6 34. b4 f4 35. Kb3 Kf5 36. Ka4 Rb8 37. h3 fxg3 38. fxg3 d4 39. Kb3 d3
40. Re1 Rc8 41. Kb2 Rc2+ 42. Kb3 Re2 43. Rd1 Ke4 44. b5 Rc2 45. g4 g5 46. Re1+
Re2 47. Rd1 Kd4 48. Rc1 d2 49. Rd1 Kd3 50. b6 Re1 51. b7 Rxd1 52. Ka2 Rb1 0-1

[Event "DEM U12 2016"]
[Site "Willingen GER"]
[Date "2016.05.18"]
[Round "7"]
[White "Pauls, Fynn"]
[Black "Wensing, Jonathan"]
[Result "1-0"]
[Termination "normal"]
[Board "11"]
[WhiteElo "1726"]
[BlackElo "1578"]
[PlyCount "78"]
[WhiteFideId "16213149"]
[BlackFideId "16222482"]
[EventCountry "GER"]
[EventRounds "11"]
[EventType "swiss"]
[EventDate "2016.05.14"]

1. Nf3 g6 2. g3 c5 3. c4 Nc6 4. Bg2 Bg7 5. Nc3 e6 6. O-O Nge7 7. d4 cxd4 8. Nb5
d5 9. cxd5 Nxd5 10. Nbxd4 O-O 11. Nxc6 bxc6 12. e4 Ne7 13. Qc2 Qb6 14. Rb1 Bb7
15. Be3 Qc7 16. Rfe1 Rfd8 17. b4 Ba6 18. b5 Bb7 19. b6 Qd6 20. Bc5 Qd7 21. bxa7
Ba6 22. Rbd1 Qe8 23. Bb6 Rxd1 24. Rxd1 Bf8 25. Ne5 Bg7 26. Nc4 c5 27. Nd6 Qc6
28. Qxc5 Qa4 29. Rd2 Nc6 30. e5 Nxe5 31. Bxa8 Bh6 32. Qd4 Qa3 33. Qb2 Qa4 34.
Rd4 Nc4 35. Nxc4 Bxc4 36. Rd8+ Bf8 37. Bc5 e5 38. Qxe5 f6 39. Qxf6 Qd1+ 1-0

[Event "DEM U12 2016"]
[Site "Willingen GER"]
[Date "2016.05.18"]
[Round "7"]
[White "Colbow, Collin"]
[Black "Krastev, Alexander"]
[Result "1/2-1/2"]
[Termination "normal"]
[Board "13"]
[WhiteElo "1632"]
[BlackElo "1931"]
[PlyCount "109"]
[WhiteFideId "16201132"]
[BlackFideId "12989983"]
[EventCountry "GER"]
[EventRounds "11"]
[EventType "swiss"]
[EventDate "2016.05.14"]

1. e4 e5 2. Nf3 Nc6 3. Bc4 Bc5 4. c3 Nf6 5. d3 O-O 6. O-O d5 7. exd5 Nxd5 8.
Re1 Bg4 9. h3 Bh5 10. Nbd2 Nb6 11. Ne4 Bd6 12. Bb3 h6 13. Ng3 Bg6 14. Be3 Kh8
15. Ne4 Qe7 16. Nxd6 Qxd6 17. d4 e4 18. Nh4 Bh7 19. g3 g5 20. Ng2 Na5 21. Bc2
Nac4 22. Bc1 Rae8 23. a4 Nd5 24. Qe2 Na5 25. b4 Nc6 26. b5 Na5 27. Ba3 Qe6 28.
Bxf8 Rxf8 29. c4 Nf6 30. Kh2 Qxc4 31. Qxc4 Nxc4 32. Rad1 Rd8 33. Ne3 Nb2 34.
Rd2 Nd3 35. Bxd3 Rxd4 36. Nc2 Rd7 37. Kg2 exd3 38. Nb4 Rd4 39. Rb1 a5 40. bxa6
bxa6 41. Nxa6 Ne4 42. Rdd1 Nc3 43. Rb8+ Kg7 44. Rd2 Ne4 45. Rd1 d2 46. Rb2 c5
47. Nxc5 Nxc5 48. Rbxd2 Rxa4 49. Rd4 Rxd4 50. Rxd4 Kf6 51. f4 Ne6 52. fxg5+
hxg5 53. Rb4 Ke5 54. h4 Be4+ 55. Kh3 1/2-1/2

[Event "DEM U12 2016"]
[Site "Willingen GER"]
[Date "2016.05.18"]
[Round "7"]
[White "Sulayev, Daniel"]
[Black "Popist, Florian"]
[Result "1-0"]
[Termination "normal"]
[Board "14"]
[WhiteElo "1791"]
[BlackElo "1689"]
[PlyCount "35"]
[WhiteFideId "12977675"]
[BlackFideId "16203518"]
[EventCountry "GER"]
[EventRounds "11"]
[EventType "swiss"]
[EventDate "2016.05.14"]

1. e4 c5 2. Nf3 e6 3. c4 a6 4. Nc3 Qc7 5. Be2 Nc6 6. O-O Be7 7. d4 cxd4 8. Nxd4
Nf6 9. Be3 d6 10. Qd2 O-O 11. Rac1 b6 12. f3 Rb8 13. Nd5 exd5 14. cxd5 Bd7 15.
Nxc6 Bxc6 16. Rxc6 Qd8 17. Bxa6 Nd7 18. Bb5 1-0

[Event "DEM U12 2016"]
[Site "Willingen GER"]
[Date "2016.05.18"]
[Round "7"]
[White "Do, Nam"]
[Black "Pahl, Erik"]
[Result "0-1"]
[Termination "normal"]
[Board "15"]
[WhiteElo "1890"]
[BlackElo "1631"]
[PlyCount "80"]
[WhiteFideId "12998885"]
[BlackFideId "16201272"]
[EventCountry "GER"]
[EventRounds "11"]
[EventType "swiss"]
[EventDate "2016.05.14"]

1. e4 e5 2. Nf3 Nc6 3. Bc4 Bc5 4. c3 Nf6 5. d4 exd4 6. cxd4 Bb4+ 7. Bd2 Nxe4 8.
Bxb4 Nxb4 9. Bxf7+ Kxf7 10. Qb3+ d5 11. Ne5+ Ke6 12. Qxb4 Qf8 13. Qxf8 Rxf8 14.
f3 c5 15. Nd2 cxd4 16. Nd3 Nxd2 17. Kxd2 Kd6 18. Rhe1 Bf5 19. Ne5 Rae8 20. f4
Be4 21. g3 g5 22. Nd3 Rc8 23. Rf1 gxf4 24. Rxf4 Rxf4 25. gxf4 Rg8 26. Re1 Rg4
27. Re2 Bxd3 28. Kxd3 Rxf4 29. Rg2 Ke5 30. Re2+ Re4 31. Rg2 Re3+ 32. Kd2 Rf3
33. Rg5+ Ke4 34. Rg4+ Rf4 35. Rg2 d3 36. h3 Kd4 37. b3 Re4 38. Rg4 Rxg4 39.
hxg4 h6 40. a3 b5 0-1

[Event "DEM U12 2016"]
[Site "Willingen GER"]
[Date "2016.05.18"]
[Round "7"]
[White "Breitzmann, Sander"]
[Black "Lutz, Ruben"]
[Result "0-1"]
[Termination "normal"]
[Board "16"]
[WhiteElo "1582"]
[BlackElo "1693"]
[PlyCount "146"]
[WhiteFideId "12987085"]
[BlackFideId "12975974"]
[EventCountry "GER"]
[EventRounds "11"]
[EventType "swiss"]
[EventDate "2016.05.14"]

1. e4 e6 2. d4 d5 3. Nc3 Nf6 4. e5 Nfd7 5. f4 c5 6. Nf3 Nc6 7. Ne2 Be7 8. g3
O-O 9. Bh3 cxd4 10. Nexd4 Nc5 11. O-O f5 12. exf6 Bxf6 13. Re1 Re8 14. Nxc6
bxc6 15. Ne5 Qc7 16. Qh5 Bb7 17. b3 g6 18. Qd1 Qg7 19. Bb2 Ne4 20. Bg2 Nd6 21.
c4 Nf7 22. c5 Ba6 23. Bd4 Nxe5 24. Bxe5 Kf7 25. Qd4 Bxe5 26. Rxe5 Re7 27. Rae1
Rae8 28. Bh3 Bc8 29. b4 a6 30. a4 Qf6 31. Qe3 Bd7 32. Qe2 Bc8 33. g4 Kg7 34.
Qe3 Qf7 35. g5 Kg8 36. Bg4 Kg7 37. h4 Kg8 38. Kg2 Kg7 39. Kg3 Kg8 40. Qe2 Kg7
41. h5 Rb7 42. hxg6 hxg6 43. Qb2 Kf8 44. Qb1 Ree7 45. Rh1 Qg8 46. Rh6 Rg7 47.
Qh1 Rh7 48. Rxh7 Rxh7 49. Qe1 Re7 50. Be2 Qh8 51. Bf3 Rh7 52. Kf2 Rh2+ 53. Ke3
Qh3 54. Qd1 Qg3 55. Qf1 Ra2 56. Qc1 Qf2+ 57. Kd3 Qxf3+ 58. Re3 Qxf4 59. Qc3
Qc4+ 60. Qxc4 dxc4+ 61. Kxc4 Ke7 62. Rd3 e5 63. Rd6 Be6+ 64. Kc3 Ra3+ 65. Kd2
Rxa4 66. Rxc6 Rxb4 67. Rxa6 Rc4 68. Rc6 Bf5 69. Ke3 Kd7 70. Rd6+ Kc7 71. Rd5 e4
72. Rxf5 gxf5 73. g6 Ra4 0-1

[Event "DEM U12 2016"]
[Site "Willingen GER"]
[Date "2016.05.18"]
[Round "7"]
[White "Grund, Sebastian"]
[Black "Hundrieser, Malte"]
[Result "1-0"]
[Termination "normal"]
[Board "17"]
[WhiteElo "1773"]
[BlackElo "1845"]
[PlyCount "65"]
[WhiteFideId "12988626"]
[BlackFideId "12997153"]
[EventCountry "GER"]
[EventRounds "11"]
[EventType "swiss"]
[EventDate "2016.05.14"]

1. d4 Nf6 2. Nf3 c5 3. g3 g6 4. Bg2 Bg7 5. c4 cxd4 6. Nxd4 O-O 7. Nc3 Nc6 8.
O-O a6 9. Nxc6 bxc6 10. Qb3 Qc7 11. Rd1 d6 12. Be3 Rb8 13. Qc2 Bf5 14. Qd2 Ng4
15. b3 Nxe3 16. Qxe3 Qa5 17. Rac1 Rbc8 18. Na4 Qc7 19. Qd2 Rfd8 20. e4 Be6 21.
Qe2 Qb7 22. Rd3 Rc7 23. Rcd1 Rcd7 24. c5 Bf8 25. Nb6 Rc7 26. b4 Rb8 27. Ra3 Bc8
28. Bf1 dxc5 29. bxc5 e6 30. Rd8 Kg7 31. Qb2+ f6 32. Bxa6 Bxc5 33. Bxb7 1-0

[Event "DEM U12 2016"]
[Site "Willingen GER"]
[Date "2016.05.18"]
[Round "7"]
[White "Hetzner, Hannes"]
[Black "Pubantz, Jan"]
[Result "0-1"]
[Termination "normal"]
[Board "18"]
[WhiteElo "1319"]
[BlackElo "1551"]
[PlyCount "34"]
[WhiteFideId "16211936"]
[BlackFideId "12996114"]
[EventCountry "GER"]
[EventRounds "11"]
[EventType "swiss"]
[EventDate "2016.05.14"]

1. e4 c6 2. c4 d5 3. exd5 cxd5 4. cxd5 Nf6 5. Qa4+ Nbd7 6. Nc3 g6 7. Bc4 Bg7 8.
d3 O-O 9. Nf3 a6 10. h3 b5 11. Bxb5 Nb6 12. Qa5 axb5 13. Qxb5 Ba6 14. Qb3 Nbxd5
15. d4 Rb8 16. Qc2 Nb4 17. Qd2 Nfd5 0-1

[Event "DEM U12 2016"]
[Site "Willingen GER"]
[Date "2016.05.18"]
[Round "7"]
[White "Kosev, Momchil"]
[Black "Kolb, Tobias"]
[Result "1/2-1/2"]
[Termination "normal"]
[Board "19"]
[WhiteElo "1778"]
[BlackElo "1535"]
[PlyCount "61"]
[WhiteFideId "12975982"]
[BlackFideId "12992321"]
[EventCountry "GER"]
[EventRounds "11"]
[EventType "swiss"]
[EventDate "2016.05.14"]

1. d4 Nc6 2. Nf3 d5 3. g3 Bf5 4. Bg2 Qd7 5. b3 Nf6 6. Bb2 Bh3 7. O-O Bxg2 8.
Kxg2 e6 9. c4 Be7 10. Nc3 O-O 11. Rc1 Rfd8 12. e3 a6 13. Qe2 Rac8 14. Rfd1 h6
15. Ne5 Qe8 16. h3 Nh7 17. Nd3 Bb4 18. a3 Bxc3 19. Bxc3 Nf6 20. Bb2 Ne4 21. Nf4
Na5 22. Qd3 Qe7 23. cxd5 exd5 24. Rc2 Nc6 25. f3 Nf6 26. Rc5 Rd7 27. b4 Na7 28.
Rdc1 c6 29. Kf2 Re8 30. R5c2 Nc8 31. Re1 1/2-1/2

[Event "DEM U12 2016"]
[Site "Willingen GER"]
[Date "2016.05.18"]
[Round "7"]
[White "Röhr, Oliver"]
[Black "Kirchner, Markus"]
[Result "0-1"]
[Termination "normal"]
[Board "20"]
[WhiteElo "1739"]
[BlackElo "1642"]
[PlyCount "78"]
[WhiteFideId "12987697"]
[BlackFideId "12979163"]
[EventCountry "GER"]
[EventRounds "11"]
[EventType "swiss"]
[EventDate "2016.05.14"]

1. e4 e6 2. d4 d5 3. exd5 exd5 4. c4 Nf6 5. cxd5 Nxd5 6. Nc3 Bb4 7. Bd2 Bxc3 8.
Bxc3 O-O 9. Nf3 Re8+ 10. Be2 Nf4 11. Ne5 Nxg2+ 12. Kf1 Bh3 13. Qb3 Nf4+ 14. Ke1
Ng2+ 15. Kf1 Ne3+ 16. Ke1 Be6 17. Qxb7 Bd5 18. Qxa8 Bxa8 19. fxe3 Bxh1 20. Kd2
Bb7 21. Kc2 Be4+ 22. Kb3 Bd5+ 23. Kc2 f6 24. Bh5 fxe5 25. Bxe8 Qxe8 26. dxe5
Qg6+ 27. Kd2 Qg2+ 28. Kd3 Qe4+ 29. Kd2 Nc6 30. Rg1 Nxe5 31. Rg3 g6 32. h4 Nc4+
33. Ke2 Qxh4 34. Be1 Qh2+ 35. Kd3 Nxb2+ 36. Kd4 Bf7 37. Rg5 Qd6+ 38. Ke4 Qc6+
39. Kf4 Nd3+ 0-1

[Event "DEM U12 2016"]
[Site "Willingen GER"]
[Date "2016.05.18"]
[Round "7"]
[White "Schille, Hannes"]
[Black "Gallasch, Jonas"]
[Result "1/2-1/2"]
[Termination "normal"]
[Board "21"]
[WhiteElo "1629"]
[BlackElo "1564"]
[PlyCount "50"]
[WhiteFideId "16206053"]
[BlackFideId "16222474"]
[EventCountry "GER"]
[EventRounds "11"]
[EventType "swiss"]
[EventDate "2016.05.14"]

1. d4 Nf6 2. c4 g6 3. Nc3 d5 4. cxd5 Nxd5 5. e4 Nxc3 6. bxc3 Bg7 7. Nf3 c5 8.
Be3 Bg4 9. Be2 Qa5 10. Qd2 Nc6 11. Rd1 O-O 12. O-O Rfd8 13. e5 Bxf3 14. Bxf3
Bxe5 15. Bxc6 bxc6 16. Qc2 Bf6 17. Rd2 e6 18. Rfd1 Rd5 19. h3 Rad8 20. Qc1 c4
21. Qc2 c5 22. dxc5 Qxc3 23. Qxc3 Bxc3 24. Rxd5 exd5 25. c6 Rc8 1/2-1/2

[Event "DEM U12 2016"]
[Site "Willingen GER"]
[Date "2016.05.18"]
[Round "7"]
[White "Parshykov, Edgar"]
[Black "Deutsch, Christoph"]
[Result "0-1"]
[Termination "normal"]
[Board "22"]
[WhiteElo "1599"]
[BlackElo "1663"]
[PlyCount "100"]
[WhiteFideId "16222458"]
[BlackFideId "16206878"]
[EventCountry "GER"]
[EventRounds "11"]
[EventType "swiss"]
[EventDate "2016.05.14"]

1. e4 e5 2. Nf3 Nc6 3. Bb5 a6 4. Ba4 Nf6 5. d3 d6 6. c3 b5 7. Bb3 Be7 8. O-O
O-O 9. Re1 h6 10. Nbd2 Re8 11. Nf1 Bf8 12. Ng3 Ne7 13. d4 Ng6 14. h3 c5 15. Nh2
Bb7 16. f3 Qb6 17. Be3 Qc7 18. Nf5 Ne7 19. g4 c4 20. Bc2 d5 21. dxe5 Qxe5 22.
f4 Qc7 23. e5 Nh7 24. Nd6 Red8 25. Qb1 g6 26. f5 gxf5 27. gxf5 Rxd6 28. exd6
Qxd6 29. Bd4 Bg7 30. Re2 Nc6 31. Rg2 Nxd4 32. cxd4 Qf4 33. Qd1 Kh8 34. Nf3 Ng5
35. Nxg5 Bxd4+ 36. Kh1 hxg5 37. Qh5+ Kg8 38. Qxg5+ Qxg5 39. Rxg5+ Kf8 40. Rb1
Bf6 41. Rg4 Re8 42. Kg1 d4 43. Kf2 d3 44. Bd1 Re5 45. a3 Rxf5+ 46. Ke3 Rf1 47.
Kd2 Bf3 48. Bxf3 Rxb1 49. b4 Ra1 50. Rf4 Bg5 0-1